Größte Städte in Nordrhein-Westfalen (mit Karte) - Statistiken

Allgemein
  • Dieses Quiz wurde 15.945 mal gespielt
  • Das Durchschnittsergebnis liegt bei 29 aus 50
Antworten auf der Karte
Die Antworten werden auf der Karte rot bzw. grün angezeigt, abhängig davon wie oft sie richtig erraten wurden.
 
Antwortstatistiken
Einwohner Kreis Stadt % Korrekt
1.073.096 Kreisfrei Köln
99%
619.477 Kreisfrei Düsseldorf
98%
586.852 Kreisfrei Dortmund
96%
579.432 Kreisfrei Essen
92%
249.070 Städteregion Aachen Aachen
88%
331.885 Kreisfrei Bonn
88%
495.152 Kreisfrei Duisburg
88%
363.441 Kreisfrei Bochum
87%
334.002 Kreisfrei Bielefeld
85%
260.126 Kreisfrei Gelsenkirchen
85%
317.713 Kreisfrei Münster
84%
354.572 Kreisfrei Wuppertal
79%
163.851 Kreisfrei Leverkusen
77%
261.001 Kreisfrei Mönchengladbach
75%
152.531 Paderborn Paderborn
74%
208.752 Kreisfrei Oberhausen
71%
179.238 Kreisfrei Hamm
68%
227.050 Kreisfrei Krefeld
65%
101.516 Siegen-Wittgenstein Siegen
64%
111.645 Rheinisch-Bergischer Kreis Bergisch Gladbach
63%
156.621 Kreisfrei Herne
63%
188.713 Kreisfrei Hagen
62%
158.957 Kreisfrei Solingen
61%
110.714 Recklinghausen Recklinghausen
60%
152.731 Rhein-Kreis Neuss Neuss
59%
117.311 Kreisfrei Bottrop
58%
170.739 Kreisfrei Mülheim an der Ruhr
57%
101.158 Gütersloh Gütersloh
53%
111.770 Kreisfrei Remscheid
50%
91.814 Düren Düren
48%
103.725 Wesel Moers
47%
81.857 Minden-Lübbecke Minden
44%
91.873 Märkischer Kreis Iserlohn
40%
73.078 Recklinghausen Castrop-Rauxel
39%
73.969 Lippe Detmold
39%
95.107 Ennepe-Ruhr-Kreis Witten
38%
71.074 Borken Bocholt
37%
68.007 Soest Lippstadt
37%
71.230 Märkischer Kreis Lüdenscheid
36%
75.343 Recklinghausen Gladbeck
35%
86.424 Mettmann Ratingen
35%
83.697 Recklinghausen Marl
34%
76.948 Steinfurt Rheine
34%
77.523 Viersen Viersen
34%
85.721 Unna Lünen
31%
73.423 Hochsauerlandkreis Arnsberg
29%
67.114 Wesel Dinslaken
29%
75.222 Rhein-Sieg-Kreis Troisdorf
29%
74.551 Recklinghausen Dorsten
28%
81.593 Mettmann Velbert
28%
Keine übereinstimmenden Quizze gefunden
Verteilung der Resultate
Anzahl Personen mit jedem Resultat
Perzentil nach korrekt beantworteten Fragen
Ihre Resultats-Entwicklung
Sie haben dieses Quiz noch nicht gespielt